LEADER 00964nam a2200241 a 4500 001 000000149580 003 CaOOAMICUS 005 20160222113420.0 008 160222s1962 gw u000 u ger r 032 $aLibriCat 040 $aPUL$bita 100 1 $aBoros, Ladislaus,$d1927-$0(OLS)http://pul/name/15765 245 10$aMysterium mortis :$bder Mensch in der letzten Entscheidung /$cLadislaus Boros. 260 $aFreiburg i. B. :$bWalter-Verlag,$c1962. 300 $a207 p. ;$c21 cm. 504 $aBibliografia in nota. 650 4$aMorte (teologia).$0(OLS)http://pul/subject/4428 850 $aPUL 852 $aPUL$W1$xDP1 Fondo Bordoni$y120$m3 I 20$j167025$qFondi$B173863$CPULBib$Z2$F173863 $HBor1164 $81 941 1 $a1 996 $6245$aMysterium mortis :$bder Mensch in der letzten Entscheidung$9(OLS)http://pul/title/188585 996 $6260$aFreiburg i. B. :$bWalter-Verlag$9(OLS)http://pul/publisher/73481 LEADER 01553nam a2200313 a 4500 001 000000165308 003 CaOOAMICUS 005 20180125122049.0 008 180125s1997 it m u001 u eng r 032 $aLibriCat 040 $aPUL$bita 100 1 $aAboh, Bede Chinonye.$0(OLS)http://pul/name/106475 245 10$aJohn Henry Newman's interpretation of John Locke on assent and its implications in the philosophy of religion /$cBede Chinonye Aboh. 260 $aRomae :$b[s.n.],$c1997. 300 $a188 p. ;$c24 cm. 502 $aEstratto da tesi. Pontificia Universitas Urbaniana. Facultas Philosophiae. 1997. 504 $aBibliografia in nota a pič pagina. 600 14$aLocke, John,$d1632-1704.$0(OLS)http://pul/subject/17381 600 04$aIohannes Henricus Newman,$cs.,$d1801-1890.$0(OLS)http://pul/subject/4993 710 2 $aPontificia Universitā Urbaniana.$bFacoltā di Filosofia$kTesi.$0(OLS)http://pul/name/84517 850 $aPUL 852 $aPUL$W1$xDP1 Tesi Pon. Univ. Urbaniana$y49$mTH URB 484$j189599$qTesi$B192638$CPULBib$Z2$F192638 $H78643 $81 941 1 $a16 960 $aNewman, John Henry,$ccard.,$d1801-1890$94993 960 $aIoannes Henricus Newman,$cs.,$d1801-1890$94993 960 $aJohannes Henricus Newman,$cs.,$d1801-1890$94993 996 $6245$aJohn Henry Newman's interpretation of John Locke on assent and its implications in the philosophy of religion$9(OLS)http://pul/title/204996 996 $6260$aRomae :$b[s.n.]$9(OLS)http://pul/publisher/48223